[Event "Wuerttemberg-chT Rapid"]
[Site "Boeblingen"]
[Date "2024.04.13"]
[Round "5.8"]
[White "Schuh, Bernd Martin"]
[Black "Tschlatscher, Thomas"]
[Result "0-1"]
[WhiteElo "1976"]
[BlackElo "2217"]
[PlyCount "90"]
[EventDate "2024.04.13"]
[EventType "team-tourn"]
[EventRounds "9"]
[EventCountry "GER"]
[SourceTitle "CBM 219 Extra"]
[Source "ChessBase"]
[SourceDate "2024.05.31"]
[SourceVersion "1"]
[SourceVersionDate "2024.05.31"]
[SourceQuality "1"]

1. d4 Nf6 2. c4 e6 3. Nc3 Bb4 4. Bd2 d6 5. e3 0-0 6. Nf3 b6 7. a3 Bxc3 8. Bxc3 Bb7 9. Be2 Nbd7 10. 0-0 Qe7 11. Rc1 Ne4 12. b4 Nxc3 13. Rxc3 a5 14. Qc2 axb4 15. axb4 Ra7 16. c5 bxc5 17. bxc5 dxc5 18. dxc5 Bxf3 19. Bxf3 Ra5 20. c6 Ne5 21. Be2 Rfa8 22. f4 Ng6 23. Rd1 Ra2 24. Qd3 Nh4 25. g3 Nf5 26. Bf3 g6 27. e4 Nd6 28. e5 Nf5 29. Be4 Kg7 30. Bxf5 gxf5 31. Rc2 Qb4 32. Kg2 R2a3 33. Qc4 Qb6 34. Kh3 Qe3 35. Rd7 Qf3 36. Qd4 Qg4+ 37. Kg2 Qf3+ 38. Kh3 Qg4+ 39. Kg2 Ra1 40. Rf2 Rc1 41. Qd2 Raa1 42. Rxf7+ Kxf7 43. Qd7+ Kg6 44. Qxe6+ Kh5 45. Qf7+ Qg6 0-1

[Event "Oberliga Wuerttemberg 2324"]
[Site "Wuerttemberg"]
[Date "2023.11.05"]
[Round "3.3"]
[White "Bronznik, Valerij"]
[Black "Tschlatscher, Thomas"]
[Result "1/2-1/2"]
[WhiteElo "2266"]
[BlackElo "2209"]
[PlyCount "116"]
[EventDate "2023.09.17"]
[EventType "team-tourn"]
[EventRounds "9"]
[EventCountry "GER"]
[SourceTitle "EXT 2025"]
[Source "ChessBase"]
[SourceDate "2024.10.14"]
[SourceVersion "1"]
[SourceVersionDate "2024.10.14"]
[SourceQuality "1"]
[WhiteTeam "Deizisau II"]
[BlackTeam "Heilbronn II"]
[WhiteTeamCountry "GER"]
[BlackTeamCountry "GER"]

1. d4 Nf6 2. c4 e6 3. Nc3 Bb4 4. e3 0-0 5. Bd3 d5 6. cxd5 Qxd5 7. Nf3 b6 8. 0-0 Qa5 9. e4 Ba6 10. e5 Bxc3 11. exf6 Bxd3 12. Qxd3 Bb4 13. Bh6 Qf5 14. Qxf5 exf5 15. Bxg7 Rd8 16. Nh4 Rd5 17. Rac1 Bd6 18. Rc3 Nd7 19. Rf3 f4 20. Re1 c5 21. dxc5 Nxc5 22. g4 h5 23. h3 Ne6 24. Nf5 Nxg7 25. fxg7 Rd2 26. gxh5 Rd5 27. Nxd6 Rxd6 28. Rxf4 Kxg7 29. Re7 Kh6 30. Rfxf7 Rg8+ 31. Kf1 Rd2 32. Rh7+ Kg5 33. h6 Rf8 34. Reg7+ Kh5 35. Rf7 Rxf7 36. Rxf7 Kxh6 37. Rxa7 Rxb2 38. Kg2 b5 39. Kg3 b4 40. f4 b3 41. axb3 Rxb3+ 42. Kg4 Kg6 43. h4 Rb1 44. h5+ Kf6 45. Ra6+ Kg7 46. Kg5 Rg1+ 47. Kf5 Rh1 48. Ra7+ Kh6 49. Kf6 Rb1 50. Re7 Kxh5 51. f5 Rb6+ 52. Re6 Rb7 53. Ra6 Kh6 54. Rd6 Ra7 55. Ke6 Kg5 56. f6 Kg6 57. Rb6 Rf7 58. Ke5 Ra7 1/2-1/2

[Event "Oberliga Wuerttemberg 2324"]
[Site "Wuerttemberg"]
[Date "2023.09.17"]
[Round "1.4"]
[White "Tschlatscher, Thomas"]
[Black "Mueller, Ralf1"]
[Result "0-1"]
[WhiteElo "2209"]
[BlackElo "2344"]
[PlyCount "146"]
[EventDate "2023.09.17"]
[EventType "team-tourn"]
[EventRounds "9"]
[EventCountry "GER"]
[SourceTitle "EXT 2025"]
[Source "ChessBase"]
[SourceDate "2024.10.14"]
[SourceVersion "1"]
[SourceVersionDate "2024.10.14"]
[SourceQuality "1"]
[WhiteTeam "Heilbronn II"]
[BlackTeam "Boeblingen"]
[WhiteTeamCountry "GER"]
[BlackTeamCountry "GER"]

1. e4 e5 2. Nf3 Nc6 3. Bc4 Nf6 4. Ng5 d5 5. exd5 Na5 6. Bb5+ c6 7. dxc6 bxc6 8. Bd3 Nd5 9. Nf3 Bd6 10. Nc3 0-0 11. 0-0 f5 12. Be2 Qc7 13. Nxd5 cxd5 14. d4 e4 15. Ne5 f4 16. c4 Nxc4 17. Nxc4 dxc4 18. Qc2 Kh8 19. Qxe4 Bf5 20. Qd5 f3 21. Bxf3 Rad8 22. Qc6 Bxh2+ 23. Kh1 Rxd4 24. Qxc7 Bxc7 25. Kg1 Be5 26. a4 a5 27. Re1 Bf6 28. Ra3 Rdd8 29. Rae3 Bc2 30. Kf1 Bxa4 31. Ra3 Bb3 32. Rxa5 c3 33. bxc3 Bxc3 34. Ra3 Bc4+ 35. Be2 Bxe2+ 36. Kxe2 Bxe1 37. Kxe1 Ra8 38. Rxa8 Rxa8 39. Ke2 h5 40. Kf3 Rf8+ 41. Kg3 Kh7 42. Be3 Kg6 43. Kh4 Kf5 44. f3 Kg6 45. Bc5 Rf4+ 46. Kg3 Kf5 47. Bb6 Rb4 48. Bc7 Rc4 49. Bb8 Rc2 50. Kh3 g6 51. Bd6 Ke6 52. Bb8 Rf2 53. Kg3 Rf1 54. Bc7 Rc1 55. Bb8 Rc2 56. Kh3 Kd5 57. Ba7 Ra2 58. Bb6 Ra4 59. Bc7 Ke6 60. Bb8 Kf5 61. Bc7 Ra1 62. Kh2 Rb1 63. Bd6 Ke6 64. Bf8 Kd5 65. Bg7 Kc4 66. Kg3 Kd3 67. Kh4 Rb5 68. Bh6 Ke2 69. f4 Kf2 70. g4 Kf3 71. f5 hxg4 72. fxg6 g3 73. g7 Rb8 0-1

[Event "Karlsruhe Grenke op"]
[Site "Karlsruhe"]
[Date "2019.04.20"]
[Round "5"]
[White "Tschlatscher, Thomas"]
[Black "Shvayger, Yuliya"]
[Result "0-1"]
[WhiteElo "2152"]
[BlackElo "2366"]
[PlyCount "68"]
[EventDate "2019.04.18"]
[EventType "swiss"]
[EventRounds "9"]
[EventCountry "GER"]
[SourceTitle "CBM 189 Extra"]
[Source "ChessBase"]
[SourceDate "2019.05.31"]
[SourceVersion "1"]
[SourceVersionDate "2019.05.31"]
[SourceQuality "1"]

1. b3 c5 2. Bb2 Nc6 3. e3 d6 4. g3 e5 5. Bg2 f5 6. Ne2 Nf6 7. a3 d5 8. d4 cxd4 9. exd4 e4 10. Qd2 Be6 11. Nbc3 Bd6 12. Nf4 Bf7 13. h4 0-0 14. Bh3 Qd7 15. Nd1 Rac8 16. Ne3 Bxf4 17. gxf4 Ne7 18. 0-0-0 Nh5 19. Rdg1 Be6 20. Kb1 Ng6 21. Bf1 Ngxf4 22. c4 Kh8 23. Rg5 h6 24. Rgg1 Kh7 25. Qd1 Nf6 26. Bc1 Qc7 27. c5 N4h5 28. Be2 Nf4 29. Bf1 N4h5 30. Be2 g6 31. Bxh5 Nxh5 32. Rxg6 Kxg6 33. Rg1+ Kh7 34. Qxh5 Qf7 0-1

[Event "Oberliga Wuerttemberg 1819"]
[Site "Wuerttemberg"]
[Date "2019.01.13"]
[Round "5"]
[White "Srba, Milan"]
[Black "Tschlatscher, Thomas"]
[Result "1-0"]
[WhiteElo "2186"]
[BlackElo "2176"]
[PlyCount "89"]
[EventDate "2018.09.23"]
[EventType "team-tourn"]
[EventRounds "9"]
[EventCountry "GER"]
[SourceTitle "EXT 2020"]
[Source "ChessBase"]
[SourceDate "2019.10.17"]
[SourceVersion "1"]
[SourceVersionDate "2019.10.17"]
[SourceQuality "1"]
[WhiteTeam "Weiler im Allgaeu"]
[BlackTeam "Heilbronn"]
[WhiteTeamCountry "GER"]
[BlackTeamCountry "GER"]

1. e4 e5 2. Nf3 Nc6 3. d4 exd4 4. Nxd4 Bb4+ 5. c3 Bc5 6. Bc4 Qf6 7. Be3 Qg6 8. 0-0 Ne5 9. Nd2 d5 10. exd5 Bh3 11. g3 0-0-0 12. Re1 Nxc4 13. Nxc4 Qe4 14. Qf3 Qxd5 15. Qxd5 Rxd5 16. b4 Be7 17. Bf4 g5 18. Be3 Bf6 19. a4 Ne7 20. a5 a6 21. Rac1 h6 22. Nb3 Nf5 23. Nc5 Re8 24. f3 Bg7 25. Kf2 Nxe3 26. Nxe3 Rd2+ 27. Re2 Rxe2+ 28. Kxe2 Bf5 29. g4 Bg6 30. Kf2 Be5 31. Nd5 Bxh2 32. Rh1 Bd6 33. Rxh6 Bxc5+ 34. bxc5 Re5 35. c4 Bd3 36. c6 bxc6 37. Rxc6 Bxc4 38. Nb6+ Kb7 39. Nxc4 Rd5 40. Rf6 Rc5 41. Nd2 Rxa5 42. Rxf7 Rd5 43. Ke3 a5 44. Rf5 c6 45. Nb3 1-0

[Event "Hofheim Spring op 6th"]
[Site "Hofheim"]
[Date "2018.04.07"]
[Round "8"]
[White "Tschlatscher, Thomas"]
[Black "Pogan, Nikolas"]
[Result "1/2-1/2"]
[WhiteElo "2141"]
[BlackElo "2223"]
[PlyCount "81"]
[EventDate "2018.04.03"]
[EventType "swiss"]
[EventRounds "9"]
[EventCountry "GER"]
[SourceTitle "CBM 183 Extra"]
[Source "ChessBase"]
[SourceDate "2018.04.19"]
[SourceVersion "1"]
[SourceVersionDate "2018.04.19"]
[SourceQuality "1"]

1. e4 d6 2. d4 Nf6 3. Nc3 g6 4. f4 Bg7 5. Nf3 0-0 6. Be3 c6 7. Qd2 b5 8. Bd3 a6 9. h3 Bb7 10. e5 b4 11. exf6 bxc3 12. bxc3 Bxf6 13. 0-0 e6 14. Rab1 Qc7 15. Ng5 Nd7 16. Qf2 Bg7 17. g4 Nf6 18. f5 exf5 19. gxf5 Bc8 20. Qh4 a5 21. Rf2 a4 22. d5 c5 23. c4 Qe7 24. Nxh7 Qxe3 25. Nxf6+ Bxf6 26. Qxf6 Qg3+ 27. Rg2 Qe3+ 28. Kh2 Qe5+ 29. Qxe5 dxe5 30. fxg6 f5 31. Bf1 Ba6 32. Rb6 Rfb8 33. Rxb8+ Rxb8 34. g7 Bc8 35. h4 Rb7 36. a3 Rxg7 37. Be2 Rxg2+ 38. Kxg2 Kg7 39. Bh5 Bd7 40. c3 Kf6 41. Kf3 1/2-1/2

[Event "Hofheim Spring op 6th"]
[Site "Hofheim"]
[Date "2018.04.06"]
[Round "7"]
[White "Tschlatscher, Thomas"]
[Black "Jansen, Dirk Norbert"]
[Result "1-0"]
[WhiteElo "2141"]
[BlackElo "2174"]
[PlyCount "135"]
[EventDate "2018.04.03"]
[EventType "swiss"]
[EventRounds "9"]
[EventCountry "GER"]
[SourceTitle "CBM 183 Extra"]
[Source "ChessBase"]
[SourceDate "2018.04.19"]
[SourceVersion "1"]
[SourceVersionDate "2018.04.19"]
[SourceQuality "1"]

1. d4 f5 2. g3 Nf6 3. Bg2 g6 4. Nf3 Bg7 5. 0-0 0-0 6. b3 d6 7. Bb2 Qe8 8. Nbd2 Nc6 9. Nc4 Bd7 10. Ng5 h6 11. Nh3 e6 12. a4 d5 13. Nd2 Ng4 14. e3 Qf7 15. Qe2 g5 16. Ba3 Rfe8 17. c4 Ne7 18. f3 Nf6 19. e4 g4 20. fxg4 Nxe4 21. Nxe4 dxe4 22. Rad1 Nc6 23. Bb2 Qe7 24. gxf5 exf5 25. Nf4 Nb4 26. Kh1 Rad8 27. Ba3 c6 28. d5 a5 29. Bb2 Bc8 30. Nh5 Bxb2 31. Qxb2 Qe5 32. Nf6+ Kh8 33. Qd4 Nd3 34. Qxe5 Rxe5 35. Bh3 Rd6 36. Nxe4 fxe4 37. Bxc8 cxd5 38. cxd5 Rexd5 39. Rf8+ Kg7 40. Rdf1 e3 41. R1f7+ Kg6 42. Re7 Re5 43. Rfe8 Rdd5 44. Re6+ Kg5 45. Rg8+ Kf5 46. Rxe5+ Kxe5 47. Bxb7 Kf6 48. Rf8+ Ke7 49. Rf7+ Ke8 50. Bc6+ Kd8 51. Rf8+ Ke7 52. Re8+ Kf7 53. Rxe3 Rd6 54. Bb5 Nc5 55. Bc4+ Kf6 56. Kg2 Nd7 57. Rd3 Rxd3 58. Bxd3 Nc5 59. Bc4 Ke5 60. Kf3 Nd7 61. g4 Nc5 62. h4 Nd7 63. Ke3 Nf6 64. g5 hxg5 65. hxg5 Ne8 66. g6 Ng7 67. Bf7 Kd6 68. Kf4 1-0

[Event "Hofheim Spring op 6th"]
[Site "Hofheim"]
[Date "2018.04.05"]
[Round "5"]
[White "Tschlatscher, Thomas"]
[Black "Trent, Lawrence"]
[Result "0-1"]
[WhiteElo "2141"]
[BlackElo "2440"]
[PlyCount "34"]
[EventDate "2018.04.03"]
[EventType "swiss"]
[EventRounds "9"]
[EventCountry "GER"]
[SourceTitle "CBM 183 Extra"]
[Source "ChessBase"]
[SourceDate "2018.04.19"]
[SourceVersion "1"]
[SourceVersionDate "2018.04.19"]
[SourceQuality "1"]

1. b3 d5 2. Bb2 Bg4 3. f3 Bh5 4. e3 e6 5. Ne2 f6 6. Nf4 Bf7 7. d4 Bd6 8. Bd3 c5 9. Qd2 Nc6 10. dxc5 Bxc5 11. Nc3 Nge7 12. a3 e5 13. Na4 Bd6 14. Ne2 0-0 15. 0-0 a6 16. c4 e4 17. fxe4 dxe4 0-1

[Event "Hofheim Spring op 6th"]
[Site "Hofheim"]
[Date "2018.04.05"]
[Round "4"]
[White "Wenninger, Philipp"]
[Black "Tschlatscher, Thomas"]
[Result "1/2-1/2"]
[WhiteElo "2364"]
[BlackElo "2141"]
[PlyCount "80"]
[EventDate "2018.04.03"]
[EventType "swiss"]
[EventRounds "9"]
[EventCountry "GER"]
[SourceTitle "CBM 183 Extra"]
[Source "ChessBase"]
[SourceDate "2018.04.19"]
[SourceVersion "1"]
[SourceVersionDate "2018.04.19"]
[SourceQuality "1"]

1. d4 Nf6 2. c4 e6 3. Nc3 Bb4 4. e3 0-0 5. Nge2 Ne4 6. Qc2 Nxc3 7. Nxc3 Be7 8. Bd3 h6 9. e4 Nc6 10. Be3 Nb4 11. Qd2 Nxd3+ 12. Qxd3 f5 13. exf5 exf5 14. f4 Bb4 15. 0-0 Bxc3 16. Qxc3 d5 17. Rfe1 dxc4 18. Qxc4+ Rf7 19. Bf2 b6 20. Re5 Bb7 21. Rxf5 Qd7 22. Rxf7 Qxf7 23. Qxf7+ Kxf7 24. Rc1 Rc8 25. b4 g6 26. a4 Ke6 27. a5 Kd7 28. Be3 h5 29. Kf2 Re8 30. g3 Re6 31. b5 Be4 32. Rc3 bxa5 33. Ra3 a6 34. Rxa5 axb5 35. Rxb5 Rb6 36. Re5 Rb2+ 37. Ke1 Bf5 38. Bd2 c6 39. d5 c5 40. Be3 Kd6 1/2-1/2

[Event "Oberliga Wuerttemberg 1718"]
[Site "Wuerttemberg"]
[Date "2018.01.21"]
[Round "6"]
[White "Tschlatscher, Thomas"]
[Black "Birkenmaier, Rainer"]
[Result "1/2-1/2"]
[WhiteElo "2141"]
[BlackElo "2100"]
[PlyCount "126"]
[EventDate "2017.09.17"]
[EventType "team-tourn"]
[EventRounds "9"]
[EventCountry "GER"]
[SourceTitle "EXT 2019"]
[Source "ChessBase"]
[SourceDate "2018.10.10"]
[SourceVersion "1"]
[SourceVersionDate "2018.10.10"]
[SourceQuality "1"]
[WhiteTeam "Heilbronn"]
[BlackTeam "Biberach"]
[WhiteTeamCountry "GER"]
[BlackTeamCountry "GER"]

1. b3 Nf6 2. Bb2 g6 3. Bxf6 exf6 4. c4 Bg7 5. Nc3 f5 6. g3 0-0 7. Bg2 c6 8. e3 d6 9. Nge2 Nd7 10. 0-0 Nf6 11. Rc1 Re8 12. b4 Bd7 13. a4 a6 14. Qb3 Ne4 15. Rfd1 Qe7 16. Nxe4 fxe4 17. d3 Bg4 18. Rd2 Bxe2 19. Rxe2 exd3 20. Rd2 Qc7 21. Rxd3 Rad8 22. Rcd1 Bf8 23. Rb1 Re5 24. Qd1 Rb8 25. h3 Qe7 26. Qd2 Qf6 27. Qb2 Kg7 28. Qd4 Ree8 29. Qxf6+ Kxf6 30. b5 axb5 31. axb5 cxb5 32. Rxb5 Rec8 33. Bd5 Rc5 34. Rb6 Ke7 35. Rdb3 Rc7 36. g4 h6 37. Kg2 Bg7 38. f4 g5 39. Rd3 Bf8 40. Rd4 Kf6 41. Kf3 Be7 42. Rd1 Rd7 43. c5 Rbd8 44. Bxb7 Kg7 45. c6 Rc7 46. Ke4 h5 47. gxh5 Rh8 48. Rg1 Rxh5 49. fxg5 Rxh3 50. Rb5 Bd8 51. Kd4 Re7 52. Re1 Rg3 53. Bc8 Rc7 54. Bd7 Ra7 55. Reb1 Ra4+ 56. R1b4 Rxb4+ 57. Rxb4 Rxg5 58. Rb7 Rc5 59. Rb8 Ba5 60. Rb7 Kf8 61. e4 Ke7 62. Rb1 Bc3+ 63. Kd3 Ba5 1/2-1/2

[Event "Oberliga Wuerttemberg 1617"]
[Site "Wuerttemberg"]
[Date "2017.02.05"]
[Round "7.6"]
[White "Namyslo, Holger"]
[Black "Tschlatscher, Thomas"]
[Result "1/2-1/2"]
[WhiteElo "2269"]
[BlackElo "2125"]
[PlyCount "37"]
[EventDate "2016.09.25"]
[EventType "team-tourn"]
[EventRounds "11"]
[EventCountry "GER"]
[SourceTitle "EXT 2019"]
[Source "ChessBase"]
[SourceDate "2018.10.10"]
[SourceVersion "1"]
[SourceVersionDate "2018.10.10"]
[SourceQuality "1"]
[WhiteTeam "Biberach"]
[BlackTeam "Heilbronn"]
[WhiteTeamCountry "GER"]
[BlackTeamCountry "GER"]

1. e4 e6 2. d4 d5 3. Nc3 dxe4 4. Nxe4 Nd7 5. Nf3 Ngf6 6. Bd3 Nxe4 7. Bxe4 Nf6 8. Bd3 c5 9. Be3 Qc7 10. Qe2 Be7 11. 0-0-0 0-0 12. Ne5 Nd5 13. Kb1 Bf6 14. Ng4 Bxd4 15. Bxd4 cxd4 16. Ne5 Nf4 17. Qe4 Nxd3 18. Nxd3 Rd8 19. f4 1/2-1/2

[Event "Oberliga Wuerttemberg 1617"]
[Site "Wuerttemberg"]
[Date "2016.12.04"]
[Round "5.7"]
[White "Tschlatscher, Thomas"]
[Black "Schwab, Matthias"]
[Result "1-0"]
[WhiteElo "2125"]
[BlackElo "2171"]
[PlyCount "73"]
[EventDate "2016.09.25"]
[EventType "team-tourn"]
[EventRounds "11"]
[EventCountry "GER"]
[SourceTitle "EXT 2019"]
[Source "ChessBase"]
[SourceDate "2018.10.10"]
[SourceVersion "1"]
[SourceVersionDate "2018.10.10"]
[SourceQuality "1"]
[WhiteTeam "Heilbronn"]
[BlackTeam "Boeblingen"]
[WhiteTeamCountry "GER"]
[BlackTeamCountry "GER"]

1. b3 e5 2. Bb2 Nc6 3. e3 Nf6 4. Bb5 d6 5. Ne2 a6 6. Bxc6+ bxc6 7. d3 g6 8. d4 exd4 9. Nxd4 d5 10. Nxc6 Qd6 11. Bxf6 Qxf6 12. Qxd5 Bg7 13. Nd4 Rb8 14. Qc5 Qe5 15. Qxe5+ Bxe5 16. c3 Bb7 17. f3 c5 18. Ne2 Rd8 19. Nd2 Rd3 20. Nc4 Bf6 21. Rd1 Bh4+ 22. Ng3 Rxd1+ 23. Kxd1 0-0 24. Kc2 Rd8 25. Rd1 Rxd1 26. Kxd1 f5 27. e4 Bxg3 28. hxg3 fxe4 29. f4 Kg7 30. Ke2 Kf6 31. Ke3 Ba8 32. Nd6 h5 33. c4 a5 34. g4 hxg4 35. g3 Ke6 36. Nxe4 Bxe4 37. Kxe4 1-0

[Event "Wuerttemberg-ch"]
[Site "Stuttgart"]
[Date "2016.09.02"]
[Round "7"]
[White "Tschlatscher, Thomas"]
[Black "Zuferi, Enis"]
[Result "0-1"]
[WhiteElo "2092"]
[BlackElo "2211"]
[PlyCount "84"]
[EventDate "2016.08.27"]
[EventType "swiss"]
[EventRounds "9"]
[EventCountry "GER"]
[SourceTitle "CBM 174 Extra"]
[Source "ChessBase"]
[SourceDate "2016.10.10"]
[SourceVersion "1"]
[SourceVersionDate "2016.10.10"]
[SourceQuality "1"]

1. b3 e5 2. Bb2 Nc6 3. c4 Nf6 4. e3 d5 5. Nf3 d4 6. exd4 exd4 7. d3 Bb4+ 8. Nbd2 a5 9. a3 Be7 10. Be2 0-0 11. 0-0 h6 12. b4 axb4 13. axb4 Rxa1 14. Qxa1 Bxb4 15. Rb1 Re8 16. Bf1 Bg4 17. Qa4 Bc3 18. Qa1 Bxb2 19. Qxb2 b6 20. Rc1 Qd6 21. Qb5 Ra8 22. h3 Bxf3 23. Nxf3 Ra5 24. Qb2 Qa3 25. Qd2 Qd6 26. Qb2 Nd7 27. Re1 Nde5 28. Nxe5 Rxe5 29. Ra1 Qb4 30. Qxb4 Nxb4 31. Ra8+ Kh7 32. Rd8 c5 33. Rd6 Re1 34. Rxb6 Nxd3 35. f3 Nf4 36. Kf2 Ra1 37. g3 Ra2+ 38. Ke1 Ra1+ 39. Kf2 Ra2+ 40. Ke1 Ng2+ 41. Bxg2 Rxg2 42. g4 Rc2 0-1

[Event "Wuerttemberg-ch"]
[Site "Stuttgart"]
[Date "2016.09.01"]
[Round "6"]
[White "Pogan, Nikolas"]
[Black "Tschlatscher, Thomas"]
[Result "1-0"]
[WhiteElo "2232"]
[BlackElo "2092"]
[PlyCount "77"]
[EventDate "2016.08.27"]
[EventType "swiss"]
[EventRounds "9"]
[EventCountry "GER"]
[SourceTitle "CBM 174 Extra"]
[Source "ChessBase"]
[SourceDate "2016.10.10"]
[SourceVersion "1"]
[SourceVersionDate "2016.10.10"]
[SourceQuality "1"]

1. d4 Nf6 2. Nf3 e6 3. c4 d5 4. g3 Be7 5. Bg2 0-0 6. 0-0 dxc4 7. Ne5 Nc6 8. Nxc6 bxc6 9. Na3 Bxa3 10. bxa3 Nd5 11. Qa4 Nb6 12. Qxc6 Rb8 13. Qc5 Bb7 14. e4 Qd7 15. Rd1 f5 16. f3 fxe4 17. fxe4 e5 18. d5 Qd6 19. Be3 Qxc5 20. Bxc5 Rfe8 21. Rac1 Ba6 22. Bh3 Bc8 23. Bf1 Ba6 24. Rc2 Rb7 25. Bh3 Bb5 26. Be6+ Kh8 27. Rb1 Na4 28. Bxa7 c3 29. Rb4 Ra8 30. Bd7 Raxa7 31. Bxb5 Nc5 32. a4 Nd3 33. Rc4 Nb2 34. R4xc3 Nxa4 35. Bxa4 Rxa4 36. Rxc7 Rxc7 37. Rxc7 Kg8 38. d6 Kf8 39. Rc8+ 1-0

[Event "Wuerttemberg-ch"]
[Site "Stuttgart"]
[Date "2016.08.29"]
[Round "3"]
[White "Tschlatscher, Thomas"]
[Black "Kunert, Guenter"]
[Result "1-0"]
[WhiteElo "2092"]
[BlackElo "2032"]
[PlyCount "87"]
[EventDate "2016.08.27"]
[EventType "swiss"]
[EventRounds "9"]
[EventCountry "GER"]
[SourceTitle "CBM 174 Extra"]
[Source "ChessBase"]
[SourceDate "2016.10.10"]
[SourceVersion "1"]
[SourceVersionDate "2016.10.10"]
[SourceQuality "1"]

1. b3 c5 2. Bb2 Nc6 3. e3 Nf6 4. c4 g6 5. Bxf6 exf6 6. Nc3 Bg7 7. g3 f5 8. Rc1 Bxc3 9. dxc3 d6 10. Bg2 Be6 11. Ne2 Qd7 12. Nf4 Rd8 13. h4 Ne7 14. Rc2 Qc7 15. 0-0 0-0 16. Rd2 a6 17. Qe2 Rd7 18. Rfd1 Rb8 19. e4 fxe4 20. Nxe6 fxe6 21. Qxe4 e5 22. f4 Nc6 23. Qd5+ Kh8 24. Qe6 Rf8 25. fxe5 Nxe5 26. Rxd6 Re7 27. Qd5 Ng4 28. Rf1 Rxf1+ 29. Bxf1 Ne3 30. Rd8+ Kg7 31. Rg8+ Kf6 32. Qf3+ Ke6 33. Rf8 Qe5 34. Bg2 Nf5 35. Kh2 Kd6 36. Qd3+ Ke6 37. Bd5+ Kd7 38. Bxb7+ Nd6 39. Bg2 Qe1 40. Qd5 Re3 41. Qg5 Nf5 42. Qd8+ Ke6 43. Bd5+ Ke5 44. Qf6# 1-0

[Event "Deizisau op 7th"]
[Site "Deizisau"]
[Date "2012.10.27"]
[Round "2"]
[White "Malek, Daniel"]
[Black "Tschlatscher, Thomas"]
[Result "1-0"]
[WhiteElo "2411"]
[BlackElo "2052"]
[PlyCount "65"]
[EventDate "2012.10.27"]
[EventType "swiss"]
[EventRounds "7"]
[EventCountry "GER"]
[SourceTitle "EXT 2013"]
[Source "ChessBase"]
[SourceDate "2012.11.22"]
[SourceVersion "1"]
[SourceVersionDate "2012.11.22"]
[SourceQuality "1"]

1. d4 Nf6 2. c4 e6 3. Nc3 d5 4. cxd5 exd5 5. Bg5 c6 6. e3 Bf5 7. Qf3 Bg6 8. Bxf6 Qxf6 9. Qxf6 gxf6 10. Nf3 a5 11. Nh4 Nd7 12. f4 f5 13. Bd3 Bb4 14. a3 Bxc3+ 15. bxc3 0-0-0 16. Nxf5 Kc7 17. Kf2 a4 18. g4 b5 19. h4 h5 20. g5 Nb6 21. Rhd1 Nc4 22. Bxc4 bxc4 23. Ng3 Bd3 24. Ra2 Rb8 25. Kf3 Rb3 26. Rc1 Bb1 27. Ra1 Bd3 28. Ra2 Bb1 29. Ra1 Bd3 30. e4 Rb2 31. e5 Rhb8 32. f5 Rh2 33. Rh1 1-0

[Event "GER-ch U25 op"]
[Site "Willingen"]
[Date "2009.06.04"]
[Round "7"]
[White "Adelhuette, Dennis"]
[Black "Tschlatscher, Thomas"]
[Result "0-1"]
[WhiteElo "1712"]
[BlackElo "1983"]
[PlyCount "50"]
[EventDate "2009.05.30"]
[EventType "swiss"]
[EventRounds "9"]
[EventCountry "GER"]
[SourceTitle "EXT 2010"]
[Source "ChessBase"]
[SourceDate "2010.11.25"]
[SourceVersion "1"]
[SourceVersionDate "2010.11.25"]
[SourceQuality "1"]

1. e4 Nc6 2. Nf3 e5 3. d4 exd4 4. Bc4 d6 5. Nxd4 Be7 6. 0-0 Nxd4 7. Qxd4 Bf6 8. Qe3 Ne7 9. f4 Nc6 10. c3 0-0 11. Nd2 Re8 12. Nf3 Be6 13. Bxe6 Rxe6 14. Bd2 Qe7 15. Rae1 Re8 16. Qf2 Kf8 17. e5 dxe5 18. fxe5 Bxe5 19. Nxe5 Rxe5 20. Rxe5 Nxe5 21. Re1 b6 22. Bf4 Nf3+ 23. gxf3 Qxe1+ 24. Qxe1 Rxe1+ 25. Kf2 Rb1 0-1

[Event "GER-ch U25 op"]
[Site "Willingen"]
[Date "2009.06.02"]
[Round "5"]
[White "Mueller, Philipp"]
[Black "Tschlatscher, Thomas"]
[Result "0-1"]
[WhiteElo "1870"]
[BlackElo "1983"]
[PlyCount "112"]
[EventDate "2009.05.30"]
[EventType "swiss"]
[EventRounds "9"]
[EventCountry "GER"]
[SourceTitle "EXT 2010"]
[Source "ChessBase"]
[SourceDate "2010.11.25"]
[SourceVersion "1"]
[SourceVersionDate "2010.11.25"]
[SourceQuality "1"]

1. e4 Nc6 2. Nf3 d5 3. exd5 Qxd5 4. Nc3 Qa5 5. d4 Bg4 6. Be2 0-0-0 7. Be3 e6 8. 0-0 Nf6 9. a3 Qf5 10. Qd2 Bxf3 11. Bxf3 Nxd4 12. Bxd4 e5 13. Nb5 exd4 14. Qa5 Qc5 15. b4 Qb6 16. Nxa7+ Kb8 17. Qxb6 cxb6 18. Nb5 d3 19. Rfd1 d2 20. g3 g6 21. c4 Bh6 22. Kf1 Rhe8 23. Be2 Ne4 24. Ra2 Re5 25. Rc2 Rde8 26. Bg4 f5 27. f4 fxg4 28. fxe5 Rf8+ 29. Ke2 Rf3 30. Ra2 Bg5 31. Raa1 Re3+ 32. Kf1 Rf3+ 33. Ke2 Re3+ 34. Kf1 h5 35. Kg1 Kc8 36. Nd6+ Nxd6 37. exd6 Rc3 38. Kf2 Rxc4 39. Ra2 Kd7 40. Ke2 Kxd6 41. Kd3 Kd5 42. Rc2 Rd4+ 43. Ke2 Re4+ 44. Kf1 Kd4 45. Rc8 Kd3 46. Rc7 Re8 47. Ra1 Rf8+ 48. Kg2 Be3 49. Rxb7 Rf2+ 50. Kh1 Ke2 51. Rd7 Rf1+ 52. Rxf1 Kxf1 53. a4 Ke2 54. a5 bxa5 55. bxa5 d1R+ 56. Kg2 Rg1# 0-1

[Event "GER-ch U25 op"]
[Site "Willingen"]
[Date "2009.06.02"]
[Round "4"]
[White "Tschlatscher, Thomas"]
[Black "Paulus, Jeffrey"]
[Result "1-0"]
[WhiteElo "1983"]
[BlackElo "1917"]
[PlyCount "117"]
[EventDate "2009.05.30"]
[EventType "swiss"]
[EventRounds "9"]
[EventCountry "GER"]
[SourceTitle "EXT 2010"]
[Source "ChessBase"]
[SourceDate "2010.11.25"]
[SourceVersion "1"]
[SourceVersionDate "2010.11.25"]
[SourceQuality "1"]

1. f4 d5 2. Nf3 c5 3. g3 Nc6 4. Bg2 e6 5. 0-0 Bd6 6. d3 Nge7 7. Qe1 0-0 8. c3 Rb8 9. a4 a6 10. Nbd2 b5 11. axb5 axb5 12. e4 dxe4 13. Nxe4 Bb7 14. Be3 c4 15. Nxd6 Qxd6 16. d4 Nd5 17. Bc1 Ra8 18. Rxa8 Rxa8 19. Ng5 Na5 20. f5 exf5 21. Rxf5 Rf8 22. Bxd5 Bxd5 23. Bf4 Qc6 24. Qe5 Bh1 25. d5 f6 26. dxc6 fxe5 27. Rxf8+ Kxf8 28. Kxh1 Nxc6 29. Be3 Ke7 30. Nxh7 Ke6 31. Kg2 Kf5 32. Ng5 Ne7 33. Kf3 Nd5 34. Ne4 Ke6 35. g4 b4 36. h4 bxc3 37. bxc3 Ne7 38. h5 Kd5 39. Bg5 Nc6 40. Bh4 Nb8 41. g5 Ke6 42. g6 Nd7 43. Kg4 Kd5 44. Kf5 Nf8 45. h6 Nxg6 46. Kxg6 gxh6 47. Kf5 h5 48. Bf6 Kc6 49. Kxe5 Kb5 50. Kd4 Kb6 51. Kxc4 Kc6 52. Kd4 Kb5 53. Kd5 Kb6 54. c4 Kc7 55. c5 Kd7 56. c6+ Kc8 57. Kd6 Kb8 58. c7+ Kc8 59. Kc6 1-0